000
00307nam a2200109Ia 4500
008
200302s9999 xx 000 0 und d
100
_a
Richard Weston
245
_a
Key Buildings of the 20th Century Plans, Sections & Elevations 2nd ed.,
260
_b
Laurence King Publishing
260
_c
2010
300
_a
249
999
_c
3384
_d
3384